Finch Quiz - Statistics

General Stats
  • This quiz has been taken 13 times
  • The average score is 11 of 16
Answer Stats
Picture Answer % Correct
Bullfinch
92%
Chaffinch
92%
Greenfinch
92%
Goldfinch
83%
Siskin
75%
Canary
67%
Crossbill
67%
Hawfinch
67%
House Finch
67%
Linnet
67%
Brambling
58%
American Goldfinch
50%
Redpoll
50%
Common Rosefinch
42%
Pine Grosbeak
42%
Serin
42%
No matching quizzes found
Score Distribution
Percent of People with Each Score
Percentile by Number Answered
Your Score History
You have not taken this quiz